[Event "SR 3. liga A2 2006/2007"]
[Site "?"]
[Date "2006.12.03"]
[Round "5"]
[White "Halas, Miroslav"]
[Black "Ivan, Imrich ml"]
[Result "1-0"]
[WhiteElo "2025"]
[BlackElo "2034"]
[Annotator "Trnava C - Velký Meder  /1/"]
[PlyCount "89"]
[EventDate "2006.??.??"]

1. e4 e6 2. d4 d5 3. exd5 exd5 4. c4 Nf6 5. Nc3 Bb4 6. Bd3 O-O 7. Nge2 dxc4 8.
Bxc4 Bg4 9. f3 Bf5 10. O-O h6 11. Ng3 Bg6 12. Be3 Bd6 13. f4 Re8 14. Re1 Nc6
15. a3 Qd7 16. Qf3 Bf5 17. Nb5 Bg4 18. Qf2 Bf8 19. h3 Be6 20. d5 Bxd5 21. Rad1
Ne7 22. Nc3 c6 23. b4 Qc7 24. Bd3 Rad8 25. Bxa7 Ra8 26. Bb6 Qb8 27. a4 Bb3 28.
Ra1 Ned5 29. Nxd5 Nxd5 30. Rxe8 Qxe8 31. Bd4 Rxa4 32. Re1 Qa8 33. Nf5 g6 34.
Nh4 Bg7 35. Bxg7 Kxg7 36. Qb2+ Kh7 37. Qxb3 Rxb4 38. Qc2 Rxf4 39. Bxg6+ Kg8 40.
Bxf7+ Rxf7 41. Qg6+ Kf8 42. Qxh6+ Kg8 43. Qg6+ Kf8 44. Nf5 Qd8 45. Nd6 1-0

[Event "SR 3. liga A2 2006/2007"]
[Site "?"]
[Date "2006.12.03"]
[Round "5"]
[White "Csefalvay, Stefan"]
[Black "Bukovsky, Milan"]
[Result "1/2-1/2"]
[WhiteElo "1957"]
[BlackElo "2036"]
[Annotator "Trnava C - Velký Meder  /2/"]
[PlyCount "87"]
[EventDate "2006.??.??"]

1. d4 Nf6 2. c4 e6 3. g3 d5 4. Bg2 b6 5. Nc3 Bb7 6. Bg5 Be7 7. Bxf6 Bxf6 8. e3
O-O 9. cxd5 exd5 10. Qf3 c6 11. Nge2 Na6 12. O-O Nc7 13. Rfc1 Ne6 14. Nf4 Nxf4
15. Qxf4 Qd7 16. Nxd5 cxd5 17. Rc7 Qb5 18. Rxb7 Qxb2 19. Rf1 Qxa2 20. Qc7 Rac8
21. Rxa7 Rxc7 22. Rxa2 Rd8 23. Rb2 Rd6 24. Rfb1 Bd8 25. Rb5 Rcd7 26. Rc1 Kf8
27. Bh3 Rc7 28. Rxc7 Bxc7 29. Bg2 Ke7 30. Bxd5 f6 31. h4 Rd8 32. f4 h6 33. Kf2
Rf8 34. h5 Rc8 35. e4 Bd8 36. Rb3 Rc2+ 37. Kf3 Rd2 38. Kg4 Rxd4 39. Kf5 Ra4 40.
Kg6 Kf8 41. Rc3 Ra7 42. Rc8 Rd7 43. Kf5 Ke7 44. Kg6 1/2-1/2

[Event "SR 3. liga A2 2006/2007"]
[Site "?"]
[Date "2006.12.03"]
[Round "5"]
[White "Krist, Milan"]
[Black "Szitasi, Janos"]
[Result "1/2-1/2"]
[WhiteElo "2039"]
[BlackElo "1996"]
[Annotator "Trnava C - Velký Meder  /3/"]
[PlyCount "36"]
[EventDate "2006.??.??"]

1. d4 d5 2. c4 c6 3. cxd5 cxd5 4. Nc3 Nc6 5. Nf3 Nf6 6. Bg5 e6 7. e3 Be7 8. Bd3
O-O 9. a3 h6 10. Bh4 a6 11. O-O b5 12. h3 Nh5 13. Bxe7 Qxe7 14. Rc1 Bb7 15. Bb1
Nf6 16. Re1 Na5 17. Nd2 Rfc8 18. b4 Nc4 1/2-1/2

[Event "SR 3. liga A2 2006/2007"]
[Site "?"]
[Date "2006.12.03"]
[Round "5"]
[White "Vizvari, Ludovit"]
[Black "Bahna, Jan"]
[Result "1-0"]
[WhiteElo "2033"]
[BlackElo "1978"]
[Annotator "Trnava C - Velký Meder  /4/"]
[PlyCount "72"]
[EventDate "2006.??.??"]

1. d4 d5 2. c4 e6 3. Nc3 Nf6 4. Nf3 Be7 5. Bf4 a6 6. e3 O-O 7. Rc1 dxc4 8. Bxc4
c5 9. O-O b5 10. Bd3 c4 11. Bb1 Bb7 12. Ne5 Nbd7 13. f3 Nxe5 14. Bxe5 Bd6 15.
Qc2 g6 16. Rcd1 Qe7 17. Bxd6 Qxd6 18. e4 Qb6 19. Kh1 Rfd8 20. Qf2 Rd7 21. Rd2
Rad8 22. Rfd1 Bc6 23. a3 a5 24. Kg1 b4 25. axb4 axb4 26. Ne2 Ba4 27. Rc1 Rc7
28. Qe3 Bb5 29. Kf2 Qa5 30. Qg5 c3 31. bxc3 bxc3 32. Ra2 Qb6 33. Qxf6 Rcd7 34.
Rd1 Bxe2 35. Kxe2 Rxd4 36. Rxd4 Rxd4 1-0

[Event "SR 3. liga A2 2006/2007"]
[Site "?"]
[Date "2006.12.03"]
[Round "5"]
[White "Klanica, Anton"]
[Black "Varkonyi, Miklos"]
[Result "1/2-1/2"]
[WhiteElo "1927"]
[BlackElo "1746"]
[Annotator "Trnava C - Velký Meder  /5/"]
[PlyCount "142"]
[EventDate "2006.??.??"]

1. e4 c5 2. Nf3 d6 3. Bb5+ Bd7 4. Bxd7+ Nxd7 5. d3 Ngf6 6. O-O e6 7. Qe2 Be7 8.
b3 O-O 9. Bb2 Qc7 10. Nc3 a6 11. a4 Rfe8 12. Qd2 d5 13. exd5 exd5 14. Ne2 d4
15. Ng3 Bd6 16. Rae1 Bf4 17. Qd1 Nb6 18. Rxe8+ Rxe8 19. Re1 Qd7 20. Rxe8+ Qxe8
21. Kf1 Nbd5 22. Ne2 Bh6 23. Bc1 Bxc1 24. Qxc1 h6 25. Qd2 b6 26. Nf4 Kf8 27. h3
Qb8 28. Nxd5 Nxd5 29. Qe2 Qe8 30. g3 Qxe2+ 31. Kxe2 f6 32. Nd2 Ke7 33. Nc4 Ke6
34. Kf3 b5 35. axb5 axb5 36. Nd2 Nb4 37. Ne4 Kd5 38. c4+ bxc4 39. bxc4+ Kc6 40.
Ke2 f5 41. Nd2 Kd6 42. h4 Ke6 43. Nb3 Kd6 44. Nc1 Ke5 45. f4+ Kd6 46. Kd2 Ke6
47. Ne2 Kd6 48. Ng1 Ke6 49. Nf3 Kd6 50. Ne5 Nc6 51. Nf3 Ke6 52. h5 Kf6 53. Ke2
Ke6 54. Kf2 Nb4 55. Ne5 Nc2 56. Ke2 Kd6 57. Kf2 Ke6 58. Kg2 Kd6 59. Kh3 Ne3 60.
Nf3 Ke6 61. Ne1 Ng4 62. Kg2 Kd6 63. Kf3 Ke6 64. Nc2 Nf6 65. Na3 Nxh5 66. g4
fxg4+ 67. Kxg4 Nf6+ 68. Kf3 Kf5 69. Nb5 Ne8 70. Na7 Nf6 71. Nc8 Ke6 1/2-1/2

[Event "SR 3. liga A2 2006/2007"]
[Site "?"]
[Date "2006.12.03"]
[Round "5"]
[White "Bogi, Timea"]
[Black "Jurik, Michal"]
[Result "1-0"]
[WhiteElo "1501"]
[BlackElo "1915"]
[Annotator "Trnava C - Velký Meder  /6/"]
[PlyCount "93"]
[EventDate "2006.??.??"]

1. e4 c5 2. Nf3 g6 3. d4 cxd4 4. Nxd4 Nc6 5. Nxc6 bxc6 6. c3 Bg7 7. Be3 d6 8.
Nd2 Nf6 9. h3 O-O 10. Be2 a5 11. Qa4 Bd7 12. Qc2 a4 13. Nc4 c5 14. O-O Bc6 15.
e5 Nd5 16. exd6 Nxe3 17. Nxe3 exd6 18. Rad1 a3 19. b3 Re8 20. Nc4 Qg5 21. g3
Be4 22. Bd3 Bf3 23. Rde1 Bh6 24. Be2 Rxe2 25. Rxe2 Qh5 26. Re3 Bxe3 27. fxe3
Be2 28. g4 Qxh3 29. Qxe2 d5 30. Nb6 Qg3+ 31. Qg2 Qxe3+ 32. Qf2 Qxf2+ 33. Rxf2
Rd8 34. Rd2 d4 35. cxd4 cxd4 36. Nc4 d3 37. Kf2 h5 38. gxh5 gxh5 39. Ne5 Kg7
40. Rxd3 Rc8 41. Nc4 Kg6 42. Nxa3 Ra8 43. b4 Ra4 44. Rb3 Kg5 45. b5 Rf4+ 46.
Kg2 Rg4+ 47. Rg3 1-0

[Event "SR 3. liga A2 2006/2007"]
[Site "?"]
[Date "2006.12.03"]
[Round "5"]
[White "Steinecker, Frantisek"]
[Black "Sooky, Ladislav"]
[Result "1-0"]
[WhiteElo "1723"]
[BlackElo "1495"]
[Annotator "Trnava C - Velký Meder  /7/"]
[PlyCount "71"]
[EventDate "2006.??.??"]

1. Nf3 c5 2. g3 d6 3. Bg2 e6 4. b3 Nf6 5. Bb2 Be7 6. O-O O-O 7. d4 cxd4 8. Bxd4
Nc6 9. Bb2 b5 10. Qd3 Bb7 11. Qxb5 Qc7 12. Nbd2 a6 13. Qc4 Rac8 14. c3 Qd7 15.
Qd3 Ng4 16. Nc4 Qc7 17. h3 d5 18. Ncd2 Nge5 19. Qc2 Bf6 20. Rab1 Nxf3+ 21. Nxf3
Ne5 22. Nd4 Ng6 23. Qd3 e5 24. Nf5 e4 25. Qd2 Rcd8 26. Rfd1 Qe5 27. Ne3 Ne7 28.
Ng4 Qf5 29. Nxf6+ Qxf6 30. c4 Qg6 31. Qb4 Rd7 32. cxd5 Nxd5 33. Qxe4 Qxe4 34.
Bxe4 Re8 35. Bxd5 Bxd5 36. e4 1-0

[Event "SR 3. liga A2 2006/2007"]
[Site "?"]
[Date "2006.12.03"]
[Round "5"]
[White "Bogi, Peter"]
[Black "Jancik, Ondrej"]
[Result "1-0"]
[WhiteElo "1350"]
[BlackElo "1760"]
[Annotator "Trnava C - Velký Meder  /8/"]
[PlyCount "47"]
[EventDate "2006.??.??"]

1. e4 c5 2. Nc3 d6 3. Bc4 Nf6 4. d3 g6 5. Nf3 Bg7 6. O-O O-O 7. h3 Nc6 8. Bg5
e6 9. Re1 a6 10. a4 Qc7 11. Qd2 Rd8 12. Bb3 Bd7 13. Re2 Rac8 14. Rae1 Ne7 15.
Bxf6 Bxf6 16. e5 dxe5 17. Nxe5 Be8 18. Ng4 Bg7 19. Ne4 Nd5 20. Bxd5 exd5 21.
Nef6+ Bxf6 22. Nxf6+ Kg7 23. Nxe8+ Rxe8 24. Rxe8 1-0

[Event "SR 3. liga A2 2006/2007"]
[Site "?"]
[Date "2006.12.03"]
[Round "5"]
[White "Slamena, Michal"]
[Black "Moravcik, Marian"]
[Result "1-0"]
[WhiteElo "1957"]
[BlackElo "1991"]
[Annotator "Hlohovec jun. - Piestany B  /1/"]
[PlyCount "79"]
[EventDate "2006.??.??"]

1. e4 c5 2. Nf3 d6 3. d4 cxd4 4. Nxd4 Nf6 5. Nc3 a6 6. Bg5 e6 7. f4 Be7 8. Qf3
Qc7 9. O-O-O Nbd7 10. Bxf6 Nxf6 11. g4 b5 12. g5 Nd7 13. Kb1 b4 14. Nce2 Bb7
15. Ng3 Rc8 16. Bd3 g6 17. h4 e5 18. Nde2 O-O 19. f5 f6 20. Qg4 Kf7 21. fxg6+
hxg6 22. h5 Rg8 23. hxg6+ Rxg6 24. Rh7+ Ke8 25. Qh5 Nf8 26. Nf5 Kd8 27. Rxe7
Qxe7 28. Nxe7 Kxe7 29. gxf6+ Rxf6 30. Ng3 Kd7 31. Nf5 Re8 32. Bc4 Rc8 33. Nxd6
Rxd6 34. Qf7+ Kc6 35. Bd5+ Rxd5 36. Rxd5 Kb6 37. Rxe5 a5 38. Re8 Rc7 39. Qxf8
Rd7 40. a3 1-0

[Event "SR 3. liga A2 2006/2007"]
[Site "?"]
[Date "2006.12.03"]
[Round "5"]
[White "Slaby, Jozef"]
[Black "Hertel, Ondrej"]
[Result "0-1"]
[WhiteElo "1781"]
[BlackElo "1990"]
[Annotator "Hlohovec jun. - Piestany B  /2/"]
[PlyCount "96"]
[EventDate "2006.??.??"]

1. d4 d5 2. c4 e6 3. Nc3 c6 4. Nf3 Nf6 5. e3 Nbd7 6. Be2 Bd6 7. O-O O-O 8. b3
b6 9. Bb2 Bb7 10. Rc1 Qe7 11. h3 Ne4 12. Bd3 Ndf6 13. Qc2 c5 14. Nd2 Nxd2 15.
Qxd2 cxd4 16. exd4 dxc4 17. bxc4 Bb4 18. Qg5 h6 19. Qe5 Bd6 20. Qe2 Bf4 21.
Rcd1 Qd7 22. Rfe1 Rfd8 23. Ne4 Nxe4 24. Bxe4 Rac8 25. Bxb7 Qxb7 26. Qg4 Bg5 27.
d5 $11 f5 28. Qf3 Rxc4 29. Rxe6 Rf4 30. Qb3 Kh7 31. Qd3 Qd7 32. Qe2 Qa4 33. Qh5
Kg8 34. g3 Re4 35. Rxe4 Qxe4 36. Qg6 Rd7 37. Qc6 Rf7 38. Rf1 f4 39. Qe6 Qf3 40.
Qe8+ Rf8 41. Qe6+ Kh7 42. gxf4 Rxf4 43. Qd7 Rf7 44. Qe6 Rf5 45. Qd7 Bf6 46.
Bxf6 Rxf6 47. Kh2 Rg6 48. Rg1 Qxf2+ 0-1

[Event "SR 3. liga A2 2006/2007"]
[Site "?"]
[Date "2006.12.03"]
[Round "5"]
[White "Kollarik, Gorazd"]
[Black "Orvisky, Vladimir"]
[Result "0-1"]
[WhiteElo "1976"]
[BlackElo "1904"]
[Annotator "Hlohovec jun. - Piestany B  /3/"]
[PlyCount "105"]
[EventDate "2006.??.??"]

1. e4 Nf6 2. e5 Nd5 3. c4 Nb6 4. d4 d6 5. Nf3 Bg4 6. exd6 exd6 7. Be2 Be7 8.
O-O O-O 9. Qc2 Nc6 10. Be3 Bf6 11. Rd1 Qe7 12. a3 Rfe8 13. d5 Bxf3 14. Bxf3 Nd4
15. Qd3 Nxf3+ 16. gxf3 Bxb2 17. Rd2 Bf6 18. Nc3 Nd7 19. f4 Bh4 20. Ne2 Nf6 21.
Ng3 g6 22. Re2 Qd7 23. Kg2 Ng4 24. Rae1 Nxe3+ 25. Rxe3 Rxe3 26. Qxe3 Bf6 27.
Re2 Qa4 28. Qd3 Re8 29. Rc2 Qd7 30. Rd2 Qg4 31. h3 Qxf4 32. Re2 Re5 33. Re4 Qc1
34. Rxe5 Bxe5 35. Qb3 b6 36. Qd3 Qf4 37. Qe4 Qc1 38. Qd3 h5 39. Ne2 Qg5+ 40.
Kf1 Qh4 41. Ke1 Kg7 42. Kf1 Qf6 43. Kg2 Bf4 44. Qd4 Be5 45. Qd3 Qe7 46. Kf1 Qh4
47. Kg2 g5 48. Ng3 Kg8 49. Qf5 Qxc4 50. Qxg5+ Kf8 51. Qd8+ Kg7 52. Qg5+ Kh7 53.
Qxh5+ {biely cas} 0-1

[Event "SR 3. liga A2 2006/2007"]
[Site "?"]
[Date "2006.12.03"]
[Round "5"]
[White "Gono, Michal"]
[Black "Synak, Jan"]
[Result "1-0"]
[WhiteElo "1593"]
[BlackElo "1802"]
[Annotator "Hlohovec jun. - Piestany B  /4/"]
[PlyCount "31"]
[EventDate "2006.??.??"]

1. d4 Nf6 2. c4 e6 3. Nc3 d5 4. Bg5 Be7 5. e3 O-O 6. Nf3 Nbd7 7. Rc1 c6 8. a3
h6 9. Bh4 dxc4 10. Bxc4 Nd5 11. Bxe7 Qxe7 12. Ne4 N5f6 13. Ng3 Rd8 14. Qc2 g6
15. O-O e5 16. Qxg6+ 1-0

[Event "SR 3. liga A2 2006/2007"]
[Site "?"]
[Date "2006.12.03"]
[Round "5"]
[White "Racik, Marek"]
[Black "Gubis, Vladimir"]
[Result "1-0"]
[WhiteElo "1901"]
[BlackElo "1783"]
[Annotator "Hlohovec jun. - Piestany B  /5/"]
[PlyCount "115"]
[EventDate "2006.??.??"]

1. Nf3 Nf6 2. c4 c5 3. g3 Nc6 4. Bg2 e6 5. O-O Be7 6. Nc3 O-O 7. b3 d5 8. cxd5
exd5 9. d4 cxd4 10. Nxd4 Nxd4 11. Qxd4 Be6 12. Rd1 Qa5 13. Bb2 Rfd8 14. Qe5 Bf8
15. h3 Rac8 16. Rd3 h6 17. Rad1 Bd6 18. Qe3 Bc5 19. Qf4 Bd6 20. Qh4 Be5 21. Qa4
Bxc3 22. Bxc3 Qxa4 23. bxa4 Ne8 24. Bd4 Rc2 25. R1d2 Rc1+ 26. Kh2 a6 27. Bb6
Rdc8 28. Bxd5 Bxd5 29. Rxd5 Nf6 30. Rd8+ Kh7 31. Rb2 R8c2 32. Rd2 Rxd2 33. Rxd2
Kg6 34. Kg2 Kf5 35. Rb2 Nd7 36. Bd4 g6 37. Rxb7 Ke6 38. Ra7 Rc6 39. f4 f6 40.
Kf3 Rd6 41. e3 Kd5 42. Rc7 h5 43. a5 f5 44. Bb2 Ke6 45. Ba3 Rd3 46. Bb4 Rd5 47.
Rc6+ Kf7 48. Rxa6 Rb5 49. a3 Rd5 50. Rc6 Nb8 51. Rc7+ Kf6 52. a6 Nxa6 53. Rc6+
Kf7 54. Rxa6 Rd1 55. Bc5 Rf1+ 56. Kg2 Rc1 57. Bd4 Rc2+ 58. Kf3 1-0

[Event "SR 3. liga A2 2006/2007"]
[Site "?"]
[Date "2006.12.03"]
[Round "5"]
[White "Siska, Michal"]
[Black "Barca, Michal"]
[Result "0-1"]
[WhiteElo "1632"]
[BlackElo "1807"]
[Annotator "Hlohovec jun. - Piestany B  /6/"]
[PlyCount "100"]
[EventDate "2006.??.??"]

1. c4 Nf6 2. Nc3 e6 3. d3 d5 4. cxd5 exd5 5. d4 Be7 6. Bf4 a6 7. e3 O-O 8. Bd3
b6 9. Nge2 c5 10. h3 Nc6 11. Bc2 Be6 12. O-O Qd7 13. Na4 Qa7 14. a3 Rac8 15.
Nac3 Rfd8 16. g4 h6 17. f3 b5 18. Qd3 cxd4 19. exd4 Bd6 20. Rad1 Bxf4 21. Nxf4
Ne5 22. Qe2 Nc4 23. Bb1 Re8 24. Qf2 Rc6 25. Rfe1 Qd7 26. Nd3 Rcc8 27. Nc5 Qc6
28. f4 Bd7 29. g5 hxg5 30. fxg5 Nh7 31. Bxh7+ Kxh7 32. Qxf7 Qd6 33. Qh5+ Kg8
34. Re2 Qg3+ 35. Rg2 Re1+ 36. Rxe1 Qxe1+ 37. Kh2 Nd2 38. Rxd2 Qxd2+ 39. Qe2
Qf4+ 40. Kh1 Bxh3 41. Nxd5 Qh4 42. Ne7+ Kh7 43. Qe4+ Qxe4+ 44. Nxe4 Re8 45. g6+
Kh8 46. Nc5 Rxe7 47. Nxa6 Re2 48. d5 Rd2 49. Nb4 Rd4 50. Nc6 Rxd5 0-1

[Event "SR 3. liga A2 2006/2007"]
[Site "?"]
[Date "2006.12.03"]
[Round "5"]
[White "Slamka, Michal"]
[Black "Sedlak, Rastislav"]
[Result "1-0"]
[WhiteElo "1681"]
[BlackElo "1523"]
[Annotator "Hlohovec jun. - Piestany B  /7/"]
[PlyCount "101"]
[EventDate "2006.??.??"]

1. e4 e5 2. Nf3 Nc6 3. Bb5 a6 4. Ba4 Nf6 5. Qe2 Bc5 6. c3 b5 7. Bc2 O-O 8. O-O
d6 9. d3 h6 10. Be3 Bxe3 11. fxe3 Bg4 12. Nbd2 Qd7 13. b4 Ne7 14. d4 exd4 15.
exd4 c6 16. Qd3 Ng6 17. Qe3 Rfe8 18. Qf2 Re7 19. e5 Nd5 20. Bxg6 fxg6 21. exd6
Qxd6 22. Ne5 Bf5 23. Qg3 Rf8 24. Rf2 Rf6 25. Raf1 Qe6 26. Nb3 Qc8 27. Na5 Rc7
28. Nb3 Qd8 29. h4 h5 30. Rc1 Qc8 31. Nd2 Qa8 32. Qg5 a5 33. Nxg6 Rxg6 34. Qxf5
Rf6 35. Qg5 Rxf2 36. Kxf2 axb4 37. cxb4 Qxa2 38. Re1 Rf7+ 39. Kg1 Rf8 40. Nf3
Nxb4 41. Re7 Qb1+ 42. Kh2 Qh7 43. Qe5 Qg6 44. Ng5 Qf6 45. Rc7 Qxe5+ 46. dxe5
Re8 47. e6 g6 48. Kg3 Kf8 49. Nh7+ Kg8 50. Nf6+ Kf8 51. Rf7# 1-0

[Event "SR 3. liga A2 2006/2007"]
[Site "?"]
[Date "2006.12.03"]
[Round "5"]
[White "Lesay, Dominik"]
[Black "Javor, Jozef"]
[Result "1-0"]
[WhiteElo "1562"]
[BlackElo "1388"]
[Annotator "Hlohovec jun. - Piestany B  /8/"]
[PlyCount "85"]
[EventDate "2006.??.??"]

1. e4 c5 2. Bc4 e6 3. Nc3 Nf6 4. d4 cxd4 5. Qxd4 Nc6 6. Qd1 Bb4 7. Bg5 Bxc3+ 8.
bxc3 h6 9. Bh4 Qb6 10. Bxf6 gxf6 11. Nf3 Qb2 12. Kd2 Na5 13. Qe2 b6 14. a4
Nxc4+ 15. Qxc4 Bb7 16. Rhb1 Rc8 17. Qxc8+ Bxc8 18. Rxb2 Bb7 19. Re1 Rg8 20. Nh4
Rg4 21. g3 Bxe4 22. f3 Bxf3 23. Nxf3 Rxa4 24. Nd4 Ra5 25. Rb5 Ra4 26. Rh5 e5
27. Rxh6 Kd8 28. Rh8+ Ke7 29. h4 Kd6 30. Nf5+ Ke6 31. Ne3 d5 32. Rd8 d4 33.
cxd4 Ke7 34. Rd5 a6 35. dxe5 fxe5 36. Rxe5+ Kd6 37. Rf5 Rd4+ 38. Kc3 Ra4 39.
Nc4+ Kc6 40. Kb3 b5 41. Rf6+ Kc5 42. Re5+ Kd4 43. Rf4# 1-0

[Event "SR 3. liga A2 2006/2007"]
[Site "?"]
[Date "2006.12.03"]
[Round "5"]
[White "Blatnicky, Miroslav"]
[Black "Cechovic, Stefan"]
[Result "0-1"]
[WhiteElo "2163"]
[BlackElo "2197"]
[Annotator "Vrbové - Cífer  /1/"]
[PlyCount "58"]
[EventDate "2006.??.??"]

1. e4 e5 2. Nf3 Nf6 3. Nxe5 d6 4. Nf3 Nxe4 5. d4 d5 6. Bd3 Nc6 7. c3 Be7 8. O-O
Bg4 9. Nbd2 f5 10. Qb3 O-O 11. Qxb7 Rf6 12. Qb3 Rb8 13. Qc2 Rg6 14. Re1 Bd6 15.
Be2 Qe7 16. Nf1 f4 17. N3d2 Nxf2 18. Bxg4 Qxe1 19. Nf3 Qe4 20. Qxf2 Rxg4 21. h3
Rg6 22. Bd2 Rxb2 23. Re1 Qd3 24. Re8+ Bf8 25. Ne5 Nxe5 26. dxe5 Kf7 27. Rc8 f3
28. g4 Rc6 29. Qh4 Bc5+ 0-1

[Event "SR 3. liga A2 2006/2007"]
[Site "?"]
[Date "2006.12.03"]
[Round "5"]
[White "Sarmir, Milos"]
[Black "Feranec, Milan"]
[Result "1-0"]
[WhiteElo "2159"]
[BlackElo "1890"]
[Annotator "Vrbové - Cífer  /2/"]
[PlyCount "123"]
[EventDate "2006.??.??"]

1. e4 Nc6 2. d4 d5 3. e5 Bf5 4. Bd3 Bg6 5. Bxg6 hxg6 6. e6 f5 7. Nf3 Qd6 8. Qe2
O-O-O 9. c3 Rh5 10. g3 Nb8 11. Bf4 Qb6 12. a4 Nf6 13. Nbd2 Ne4 14. Nxe4 dxe4
15. Ng5 Rxg5 16. Bxg5 Qxe6 17. f3 Rd5 18. O-O Rd8 19. fxe4 Nd7 20. Rae1 fxe4
21. Qxe4 Qxe4 22. Rxe4 Nf6 23. Re2 Kd7 24. h4 Re8 25. Kg2 c6 26. Rf4 Nd5 27.
Rf7 Nf6 28. Kf3 Rc8 29. Bxf6 gxf6 30. g4 Kd6 31. Rh7 a6 32. Kf4 b5 33. axb5
axb5 34. g5 c5 35. dxc5+ Rxc5 36. Rd2+ Kc6 37. Rd8 fxg5+ 38. hxg5 Rf5+ 39. Kg4
e5 40. Rxf8 Rxf8 41. Rg7 Rf2 42. Rxg6+ Kd5 43. b4 e4 44. Rb6 Kc4 45. Rc6+ Kd3
46. Rc5 e3 47. Rxb5 Kxc3 48. Re5 Kd4 49. Re8 Rb2 50. Kf3 Rf2+ 51. Kg3 Rf5 52.
Kg4 Rf2 53. b5 Rg2+ 54. Kh4 Rb2 55. g6 Rg2 56. b6 Rxg6 57. b7 Rb6 58. b8=Q Rxb8
59. Rxb8 e2 60. Re8 Kd3 61. Kg3 Kd2 62. Kf2 1-0

[Event "SR 3. liga A2 2006/2007"]
[Site "?"]
[Date "2006.12.03"]
[Round "5"]
[White "Krchnak, Rudolf"]
[Black "Vagovsky, Jozef"]
[Result "0-1"]
[WhiteElo "1950"]
[BlackElo "2034"]
[Annotator "Vrbové - Cífer  /3/"]
[PlyCount "62"]
[EventDate "2006.??.??"]

1. d4 d5 2. Nc3 Bf5 3. e4 dxe4 4. f3 exf3 5. Qxf3 Qc8 6. Bc4 c6 7. Nge2 Nf6 8.
Bb3 e6 9. O-O Bd6 10. Bf4 Qc7 11. h3 O-O 12. g4 Bg6 13. Rad1 Nd5 14. Bxd6 Qxd6
15. Ne4 Qe7 16. c3 Bxe4 17. Qxe4 Qh4 18. Kg2 Nd7 19. Bc2 N7f6 20. Qf3 Qg5 21.
Ng3 Ne3+ 22. Kh2 Nxc2 23. Rf2 Ne3 24. Rd3 Nfxg4+ 25. hxg4 Nxg4+ 26. Kg1 Nxf2
27. Qxf2 Qc1+ 28. Kg2 Qb1 29. Rf3 Qxa2 30. Ne4 Qd5 31. Qg3 Qxe4 0-1

[Event "SR 3. liga A2 2006/2007"]
[Site "?"]
[Date "2006.12.03"]
[Round "5"]
[White "Vlkovic, Pavol"]
[Black "Smrek, Peter"]
[Result "1/2-1/2"]
[WhiteElo "1924"]
[BlackElo "1964"]
[Annotator "Vrbové - Cífer  /4/"]
[PlyCount "132"]
[EventDate "2006.??.??"]

1. e4 e5 2. Nf3 Nf6 3. Bc4 Nc6 4. d4 Nxe4 5. dxe5 Nc5 6. O-O Be7 7. Nc3 O-O 8.
a3 a5 9. Nd5 Ne6 10. Re1 Bc5 11. Be3 d6 12. Bxc5 dxc5 13. c3 Ne7 14. Nxe7+ Qxe7
15. Qc2 Ng5 16. Nxg5 Qxg5 17. Re3 c6 18. Rae1 Bf5 19. Bd3 Bxd3 20. Rxd3 Qg6 21.
Qd2 Rfe8 22. Rd1 h6 23. Rd6 Re6 24. Rxe6 Qxe6 25. Qd6 Re8 26. Qxe6 Rxe6 27.
Rd8+ Kh7 28. f4 f6 29. Rd6 Re7 30. exf6 gxf6 31. Rxf6 Kg7 32. Rd6 Rc7 33. Kf2
b5 34. Rd8 c4 35. Rd6 b4 36. cxb4 axb4 37. Rd4 c3 38. Rxb4 c5 39. Rb3 cxb2 40.
Rxb2 Kf6 41. g4 h5 42. Rb6+ Kg7 43. g5 c4 44. Rb2 Kg6 45. Rc2 Kf5 46. Kf3 Ra7
47. Rc3 h4 48. h3 Ra4 49. g6 Kxg6 50. Kg4 Kf6 51. Kxh4 Kf5 52. Kg3 Ke4 53. f5
Kd4 54. Rf3 Ra8 55. Kf2 c3 56. Ke2 Rxa3 57. Rd3+ Kc4 58. Rd8 Ra5 59. f6 Rf5 60.
Rc8+ Kd4 61. Rd8+ Ke4 62. Rc8 Kd4 63. Rd8+ Kc4 64. Rc8+ Kd4 65. Rd8+ Kc4 66.
Rc8+ Kd4 1/2-1/2

[Event "SR 3. liga A2 2006/2007"]
[Site "?"]
[Date "2006.12.03"]
[Round "5"]
[White "Lanyi, Frantisek"]
[Black "Hrusovsky, Jan"]
[Result "1-0"]
[WhiteElo "1629"]
[BlackElo "1767"]
[Annotator "Vrbové - Cífer  /5/"]
[PlyCount "95"]
[EventDate "2006.??.??"]

1. e4 e5 2. Nf3 Nc6 3. d4 exd4 4. Nxd4 Qf6 5. c3 Bc5 6. Be3 Nxd4 7. Bxd4 Bxd4
8. cxd4 Qb6 9. b3 Qb4+ 10. Qd2 Qxd2+ 11. Nxd2 Ne7 12. Bc4 O-O 13. f4 c6 14. Bd3
d5 15. e5 Bf5 16. Bxf5 Nxf5 17. Nf3 Rae8 18. Kd2 f6 19. Rae1 fxe5 20. fxe5 Re6
21. Re2 h6 22. Rhe1 Ne7 23. Rf1 Rf4 24. g3 Re4 25. Kd3 Rxe2 26. Kxe2 Nf5 27.
Kd3 Ne7 28. Nh4 c5 29. Re1 cxd4 30. Kxd4 Ra6 31. Re2 Kf7 32. Ng2 g5 33. Rf2+
Kg6 34. Ne3 Nc6+ 35. Kxd5 Ra5+ 36. Kd6 Rxe5 37. Nc4 Rf5 38. Rxf5 Kxf5 39. Kc7
Nb4 40. a3 Nd3 41. Ne3+ Kf6 42. g4 h5 43. b4 b6 44. b5 Nc5 45. h3 h4 46. Kb8 a6
47. Ka7 Na4 48. Nd5+ 1-0

[Event "SR 3. liga A2 2006/2007"]
[Site "?"]
[Date "2006.12.03"]
[Round "5"]
[White "Liptak, Dusan"]
[Black "Podjavorinsky, Peter"]
[Result "0-1"]
[WhiteElo "1708"]
[BlackElo "1704"]
[Annotator "Vrbové - Cífer  /6/"]
[PlyCount "58"]
[EventDate "2006.??.??"]

1. e4 e5 2. Nf3 Nf6 3. Nxe5 d6 4. Nf3 Nxe4 5. d4 d5 6. Bd3 Bg4 7. Nbd2 Nxd2 8.
Bxd2 Nc6 9. c3 Bd6 10. O-O Qd7 11. Re1+ Ne7 12. Be2 f6 13. Qb3 c6 14. c4 dxc4
15. Bxc4 Qc7 16. h3 h5 17. Be6 Bxe6 18. Qxe6 Qd7 19. Qc4 g5 20. Nh2 g4 21. h4
O-O-O 22. Be3 Nd5 23. Rad1 Rhe8 24. a3 g3 25. Nf1 gxf2+ 26. Bxf2 Qg4 27. Qd3
Rg8 28. Qe4 Nf4 29. Ne3 Nh3+ 0-1

[Event "SR 3. liga A2 2006/2007"]
[Site "?"]
[Date "2006.12.03"]
[Round "5"]
[White "Lajda, Dusan"]
[Black "Cisar, Marian"]
[Result "1-0"]
[WhiteElo "1737"]
[BlackElo "1714"]
[Annotator "Vrbové - Cífer  /7/"]
[PlyCount "59"]
[EventDate "2006.??.??"]

1. e4 e5 2. Nf3 Nc6 3. Bc4 Bc5 4. b4 Bxb4 5. c3 Ba5 6. d4 exd4 7. O-O d3 8. Qb3
Qf6 9. e5 Qf5 10. Rd1 Nge7 11. Bxd3 Qh5 12. Re1 O-O 13. Ba3 Bb6 14. Nbd2 Re8
15. Ne4 Nxe5 16. Nxe5 Qxe5 17. Re2 d5 18. Nd6 Bxf2+ 19. Kh1 cxd6 20. Rxe5 dxe5
21. Bxh7+ Kxh7 22. Qc2+ e4 23. Qxf2 Nf5 24. Qf4 Be6 25. Bc1 Rac8 26. Bd2 Rc4
27. Qf2 a5 28. Rb1 Bc8 29. Be1 Nh6 30. h3 1-0

[Event "SR 3. liga A2 2006/2007"]
[Site "?"]
[Date "2006.12.03"]
[Round "5"]
[White "Markuliak, Mario"]
[Black "Bjel, Jan"]
[Result "0-1"]
[WhiteElo "1588"]
[BlackElo "1350"]
[Annotator "Vrbové - Cífer  /8/"]
[PlyCount "125"]
[EventDate "2006.??.??"]

1. c4 e5 2. Nc3 g6 3. d3 Bg7 4. Nf3 d6 5. g3 Ne7 6. Bg2 Nbc6 7. O-O O-O 8. Rb1
Be6 9. Bd2 f6 10. b4 Qd7 11. a4 a6 12. Qc2 Nd8 13. Ne4 c6 14. c5 d5 15. Nd6 Nf7
16. Nxf7 Kxf7 17. d4 e4 18. Ne1 h5 19. h4 Bf5 20. Bf4 e3 21. Nd3 exf2+ 22. Rxf2
Kg8 23. Qd2 Kh7 24. Re1 Rfe8 25. Nb2 Ng8 26. Nd1 Bg4 27. Ne3 Be6 28. Qd3 Nh6
29. Bxh6 Kxh6 30. Qd2 Kh7 31. Qd3 f5 32. Nf1 Rf8 33. Nh2 Bf6 34. Ref1 Kg7 35.
e3 Rae8 36. Rb2 Rb8 37. b5 axb5 38. axb5 Qc7 39. Kf2 Bxh4 40. gxh4 Qxh2 41. Rh1
Qc7 42. Bf3 b6 43. Qc3 Rfd8 44. cxb6 Qxb6 45. Qa3 cxb5 46. Qe7+ Bf7 47. Rg1 Qf6
48. Qxf6+ Kxf6 49. Rc1 Rb6 50. Rc7 Be6 51. Ra2 b4 52. Bd1 Rd7 53. Rxd7 Bxd7 54.
Bb3 Be6 55. Ra8 Rb7 56. Rf8+ Ke7 57. Rh8 Kd6 58. Rh6 Bf7 59. Rh7 Kc6 60. Ba4+
Kb6 61. Ke2 Ka5 62. Bb3 Rd7 63. Kd2 0-1

[Event "SR 3. liga A2 2006/2007"]
[Site "?"]
[Date "2007.01.14"]
[Round "6"]
[White "Vach, Pavol"]
[Black "Pribila, Michal"]
[Result "1-0"]
[WhiteElo "2117"]
[BlackElo "2095"]
[Annotator "Senica B - Gbely  /1/"]
[PlyCount "93"]
[EventDate "2006.??.??"]

1. e4 c5 2. Nf3 d6 3. d4 cxd4 4. Nxd4 Nf6 5. Nc3 a6 6. Bg5 e6 7. f4 Be7 8. Be2
h6 9. Bh4 Nbd7 10. Qd2 Qc7 11. Bf2 b5 12. a3 Bb7 13. Bf3 Nb6 14. O-O O-O 15.
Rad1 Nc4 16. Qc1 Nd7 17. Nde2 Rac8 18. Nb1 Nc5 19. Ng3 Rfd8 20. b3 Nb6 21. Qe3
d5 22. e5 Ncd7 23. c3 d4 24. cxd4 Bxf3 25. Qxf3 Nd5 26. Rd2 b4 27. a4 N7b6 28.
Ne4 Nc3 29. Rc2 Nbd5 30. Rfc1 Bf8 31. Nbxc3 bxc3 32. Nxc3 Nb4 33. Rd2 Qa5 34.
Rcd1 Nd5 35. Nxd5 Rxd5 36. Qd3 Rc3 37. Qb1 Qb6 38. Rd3 Rxd3 39. Qxd3 Bb4 40.
Rc1 g6 41. Rc8+ Kh7 42. Qc4 Ba5 43. Rc6 Qb7 44. Rxa6 Bb6 45. b4 Rd7 46. Qb5
Bxd4 47. Qxb7 1-0